Eastern Utah Libraries Catalog: Duchesne, Heber, Roosevelt, & Vernal

Wizards don't wear graduation gowns / (Record no. 230994)

MARC details
000 -LEADER
fixed length control field 00887cam a2200253Ia 4500
001 - CONTROL NUMBER
control field 49191038
003 - CONTROL NUMBER IDENTIFIER
control field OCoLC
005 - DATE AND TIME OF LATEST TRANSACTION
control field 20180306102448.0
008 - FIXED-LENGTH DATA ELEMENTS--GENERAL INFORMATION
fixed length control field 020225s2002 nyu j 000 1 eng d
020 ## - INTERNATIONAL STANDARD BOOK NUMBER
International Standard Book Number 0439368030
020 ## - INTERNATIONAL STANDARD BOOK NUMBER
International Standard Book Number 0613505263 (Econoclad)
040 ## - CATALOGING SOURCE
Original cataloging agency XCX
Transcribing agency XCX
Description conventions rda
092 ## - LOCALLY ASSIGNED DEWEY CALL NUMBER (OCLC)
Filing suffix J
Classification number F
Item number DAD
100 1# - MAIN ENTRY--PERSONAL NAME
Personal name Dadey, Debbie,
Relator term author.
9 (RLIN) 59941
245 10 - TITLE STATEMENT
Title Wizards don't wear graduation gowns /
Statement of responsibility, etc by Debbie Dadey and Marcia Thornton Jones ; illustrated by John Steven Gurney.
260 ## - PUBLICATION, DISTRIBUTION, ETC. (IMPRINT)
Place of publication, distribution, etc New York :
Name of publisher, distributor, etc Scholastic,
Date of publication, distribution, etc c2002.
264 ## - Production, Publication, Distribution, Manufacture, and Copyright Notice.
Place of production, publication, distribution, manufacture New York :
Name of producer, publisher, distributor, manufacturer Scholastic,
Date of production, publication, distribution, manufacture, or copyr c2002.
300 ## - PHYSICAL DESCRIPTION
Extent 74 p. :
Other physical details ill. ;
Dimensions 20 cm.
336 ## - Content Type
Content type term book
337 ## - Media type
Media type term book
338 ## - Carrier type
Carrier type term book
490 1# - SERIES STATEMENT
Series statement The adventures of the Bailey School kids ;
Volume number/sequential designation no. 45.
500 ## - GENERAL NOTE
General note "A Little Apple paperback."
650 #0 - SUBJECT ADDED ENTRY--TOPICAL TERM
Topical term or geographic name as entry element Assistant school principals
Form subdivision Juvenile fiction.
9 (RLIN) 5741796
650 #0 - SUBJECT ADDED ENTRY--TOPICAL TERM
Topical term or geographic name as entry element Wizards
Form subdivision Juvenile fiction.
9 (RLIN) 5741797
700 1# - ADDED ENTRY--PERSONAL NAME
Personal name Jones, Marcia Thornton.
9 (RLIN) 59935
800 1# - SERIES ADDED ENTRY--PERSONAL NAME
Personal name Dadey, Debbie.
Title of a work Adventures of the Bailey School kids
Volume/sequential designation #45.
9 (RLIN) 65138
907 ## - LOCAL DATA ELEMENT G, LDG (RLIN)
a .b169113826
942 ## - ADDED ENTRY ELEMENTS (KOHA)
Source of classification or shelving scheme Dewey Decimal Classification
Koha item type BOOK
Holdings
Withdrawn status Lost status Source of classification or shelving scheme Damaged status Not for loan Collection code Home library Current library Shelving location Date acquired Source of acquisition Cost, normal purchase price Total Checkouts Total Renewals Full call number Barcode Date last seen Date checked out Cost, replacement price Price effective from Koha item type
    Dewey Decimal Classification     Junior Fiction Wasatch County Library Wasatch County Library Main Floor Junior Area 08/14/2002 Penworthy 13.49 68 3 J Dadey 34301000365421 02/23/2024 08/08/2023 13.49 03/20/2020 BOOK
This project was made possible through a grant from the Institute of Museum and Library Service administered by the Utah State Library Division.

Wasatch County Library

  • 465 East 1200 South, Heber City, Utah 84032
  • Phone 435-654-1511 | Fax 435-654-6456

Hours

  • Monday - Friday 9:30 AM - 8:00 PM
  • Saturday 9:30 AM - 1:30 PM
  • Closed Sundays and Holidays